000 00246nam a2200109 4500
999 _c9692
_d9692
003 OSt
005 20211216122900.0
008 211216b ||||| |||| 00| 0 eng d
245 _aSamaya
260 _aSchool of Planning and Architecture
942 _2ddc